| 000 | 00440nam a2200145Ia 4500 | ||
|---|---|---|---|
| 003 | OSt | ||
| 005 | 20260122104859.0 | ||
| 008 | 211028s2015 xx 000 0 und d | ||
| 040 | _cAIMIT LIBRARY | ||
| 041 | _aeng | ||
| 100 |
_aJithin, P; Suresh, Rajani. _g1316064 _97337 |
||
| 245 | _aStudy on customer satisfaction with maruti suzuki at popular vehicles and service ltd / | ||
| 260 |
_aMangalore _bRajani Suresh. _c2015 |
||
| 942 |
_2ddc _cPRO |
||
| 999 |
_c218907 _d218907 |
||